Plan terminations : asset or liability? /

Bibliographic Details
Other Authors: Susko, A. Richard
Format: Book
Language:English
Published: New York (810 7th Ave., New York 10019) : Practising Law Institute, 1984.
Series:Tax law and estate planning series.
Tax law and practice course handbook series ; no. 205.
Subjects:

MARC

Tag First Indicator Second Indicator Subfields
LEADER 00000cam a2200000 a 4500
001 in00000552000
005 20230911172445.0
008 840328s1984 nyua 000 0 eng
010 |a  84060672  
019 |a 10860753 
035 |a (OCoLC)ocm10854651  
035 |a (OCoLC)10854651  |z (OCoLC)10860753 
035 |a (OCoLC)ocm10854651  
040 |a DLC  |b eng  |c DLC  |d YDXCP  |d OCLCO  |d OCLCF  |d OCLCQ  |d OCLCO  |d FML  |d OCLCO 
043 |a n-us--- 
050 0 |a KF3512.Z9  |b P545 1984 
082 0 |a 344.73/01252  |a 347.3041252  |2 19 
245 0 0 |a Plan terminations :  |b asset or liability? /  |c A. Richard Susko, chairman. 
260 |a New York (810 7th Ave., New York 10019) :  |b Practising Law Institute,  |c 1984. 
300 |a 680 pages :  |b illustrations ;  |c 23 cm. 
336 |a text  |b txt  |2 rdacontent 
337 |a unmediated  |b n  |2 rdamedia 
338 |a volume  |b nc  |2 rdacarrier 
490 1 |a Tax law and estate planning series 
490 1 |a Tax law and practice course handbook series ;  |v no. 205 
500 |a "Prepared for distribution at the Plan terminations: asset or liability? program, May-June 1984"--Page 5. 
500 |a "J4-3546." 
504 |a Includes bibliographical references. 
650 0 |a Pension trusts  |x Termination  |x Law and legislation  |z United States. 
650 7 |a Pension trusts  |x Termination  |x Law and legislation.  |2 fast  |0 (OCoLC)fst01057082 
651 7 |a United States.  |2 fast  |0 (OCoLC)fst01204155 
700 1 |a Susko, A. Richard. 
830 0 |a Tax law and estate planning series. 
830 0 |a Tax law and practice course handbook series ;  |v no. 205. 
938 |a YBP Library Services  |b YANK  |n 287670 
948 |h HELD BY TXA - 62 OTHER HOLDINGS 
994 |a Z0  |b TXA 
999 f f |s 11341b40-c055-3968-ac2e-b2daa200fdd4  |i dd1f0151-00c6-345d-b1ac-2ba14128c467  |t 0 
952 f f |p ric  |a Texas A&M University  |b Rellis Campus  |c Joint Library Facility  |s JLF  |d Remote Storage  |t 0  |e KF3510.A75 P54 1984  |h Library of Congress classification  |i unmediated -- volume  |m A14808941621